| 000 | 01512nam0a2200325 i 4500 | ||
|---|---|---|---|
| 001 | RU\NLR\BIBL_A\012338641 | ||
| 005 | 20240921102356.0 | ||
| 035 | _a(NLR Aleph) 012338641 | ||
| 090 |
_a11509250 _c11509251 |
||
| 100 | _a20200916d2011 u y0rusy50 ca | ||
| 101 | 0 |
_arus _aeng |
|
| 102 | _aRU | ||
| 105 | _a z 000zy | ||
| 181 | 0 |
_ai _baxxe |
|
| 182 | 0 | _an | |
| 200 | 1 |
_aВоенно-исторические музеи и музеи силовых структур _dMilitary-Historical Museums and Museums of Security, Defense and Law-Enforcement Agencies _eкраткий путеводитель _f[перевод на английский: Ирина Петрова] _zeng |
|
| 203 |
_aТекст _bвизуальный _cнепосредственный |
||
| 210 |
_aСанкт-Петербург _c[б.и.] _dcop. 2011 |
||
| 215 |
_a55, [1], 55, [1] с. встреч. паг. _cил., цв. ил. _d21 |
||
| 225 | 1 |
_aМузеи Санкт-Петербурга _dMuseums of St Petersburg _zeng |
|
| 300 | _aТекст парал. рус. англ. | ||
| 309 | _aКн.-перевертыш | ||
| 606 | 1 |
_aВоенные музеи _jПутеводители _yСанкт-Петербург, город _92454553 _3RU\NLR\AUTH\6601676627 |
|
| 686 | 1 | _aЦ.л(2Р)61 | |
| 702 | 1 |
_4730 _aПетрова _bИ. _cпереводчик, англ. язык _gИрина _9221373 _3RU\NLR\AUTH\770221429 |
|
| 942 | _cBOOK | ||
| 980 | _aNBR | ||